Vivir los Derechos Humanos
Saved in:
| Hovedforfatter: | |
|---|---|
| Format: | Bog |
| Sprog: | spansk |
| Udgivet: |
Madrid
PPC
2002
|
| Serier: | Educar. Práctico, 27
|
| Fag: | |
| Tags: |
Tilføj Tag
Ingen Tags, Vær først til at tagge denne postø!
|
MARC
| LEADER | 00000cam a2200000 a 4500 | ||
|---|---|---|---|
| 001 | UCF9157 | ||
| 003 | CL-VaPUC | ||
| 008 | 131025e20020000sp |||||||||||||||||spa|d | ||
| 020 | |a 8428815291 | ||
| 082 | 0 | 4 | |a 323.4 |b TER |2 21 |
| 100 | 0 | |a Terán, Mar |e author |9 571389 | |
| 245 | 1 | 0 | |a Vivir los Derechos Humanos |
| 300 | |a 200 p | ||
| 942 | |c BK | ||
| 945 | |d 20131025 12:28:00 |a dcastane | ||
| 260 | |a Madrid |b PPC |c 2002 | ||
| 650 | 0 | |a Derechos humanos |9 223025 | |
| 650 | 0 | |a Violaciones de los derechos civiles |9 571390 | |
| 583 | |a last modification |c 20131025 12:28:00 |k Rodrigo Vera | ||
| 490 | 0 | |a Educar. Práctico, 27 | |
| 999 | |c 353641 |d 353639 | ||
| 952 | |0 0 |1 0 |3 erb |4 0 |6 323_400000000000000_TER_2002 |7 0 |8 A |9 458984 |a BIBTEO |b BIBTEO |d 2019-11-23 |i 5023378 |l 1 |m 6 |o 323.4 TER 2002 |p 5023378 |r 2025-01-17 |s 2023-06-13 |w 2019-11-23 |y BK |z Catalogado en:20131025 |k ICR | ||